Khoa học công nghệ và Thực phẩm = Journal of science technology & food

שמור ב:
מידע ביבליוגרפי
פורמט: ספר
שפה:Undetermined
יצא לאור: Thành phố Hồ Chí Minh Trường Đại học Công nghiệp Thực phẩm Thành phố Hồ Chí Minh 2020
נושאים:
תגים: הוספת תג
אין תגיות, היה/י הראשונ/ה לתייג את הרשומה!
Thư viện lưu trữ: Trung tâm Học liệu Trường Đại học Cần Thơ
LEADER 00716nam a2200181Ia 4500
001 CTU_238347
008 210402s9999 xx 000 0 und d
082 |a 664 
082 |b Kh401 
245 0 |a Khoa học công nghệ và Thực phẩm = 
245 0 |b Journal of science technology & food 
245 0 |c Trường Đại học Công nghiệp Thực phẩm Thành phố Hồ Chí Minh 
260 |a Thành phố Hồ Chí Minh 
260 |b Trường Đại học Công nghiệp Thực phẩm Thành phố Hồ Chí Minh 
260 |c 2020 
650 |a Chế biến,Food processing 
904 |i T.Trang 
980 |a Trung tâm Học liệu Trường Đại học Cần Thơ